000 01342nam a2200349 i 4500
001 000007342
003 DO-SdBNP
005 20260316144357.0
007 ta
008 090908s1997 mx a 001 0 spa d
020 _a9684442467
040 _aDO-SdBNP
_bspa
_cBNPHU
_erda
041 _aspa
082 4 _a658.3
_bC738l
_222
245 0 0 _aCompetencia laboral :
_bnormalización, certificación, educación y capacitación (antología de lecturas) /
_ctraducción, Guadalupe García de León ; prólogo, Agustín E. Ibarra Almada.
264 1 _aMéxico :
_bCONOCER,
_c1997.
300 _avolumen :
_bilustraciones ;
_c23 cm.
336 _atexto
_btxt
_2rdacontent
337 _asin mediación
_bn
_2rdamedia
338 _avolumen
_bnc
_2rdacarrier
500 _aLa biblioteca posee el v. 1
500 _aIncluye referencias bibliográficas y notas al pie de las páginas
650 4 _aProductividad laboral
_920416
650 4 _aFormación profesional
_97714
650 4 _aMercado de trabajo
_919058
650 4 _aProductividad laboral
_920416
650 4 _aPolítica laboral
_920417
700 1 _aGarcía de León, Guadalupa,
_etraductor
_4tr.
_920418
700 1 _aIbarra Almada, Agustín,
_eprologuista
_4pr.
_920419
710 2 _aConsejo de Normalización y Certificación de Competencia Laboral (México)
_920420
942 _2ddc
_cLBS1
999 _c7123
_d7123